El año "infausto" : (Record no. 190787)

MARC details
000 -LEADER
campo de control de longitud fija 01889nam a2200337 i 4500
001 - NÚMERO DE CONTROL
campo de control 190787
003 - IDENTIFICADOR DE NÚMERO DE CONTROL
campo de control ES-MaACL
005 - FECHA Y HORA DE LA ÚLTIMA TRANSACCIÓN
campo de control 20250904060541.0
008 - DATOS DE LONGITUD FIJA--INFORMACIÓN GENERAL
campo de control de longitud fija 220707s2022 sp a 000 0 spa
020 ## - NÚMERO INTERNACIONAL ESTÁNDAR DEL LIBRO
Número Internacional Estándar del Libro 978-84-338-6858-9
245 03 - MENCIÓN DEL TÍTULO
Título El año "infausto" :
Resto del título España en 1921 /
Mención de responsabilidad, etc. Demetrio Castro (ed.).
260 ## - PUBLICACIÓN, DISTRIBUCIÓN, ETC.
Lugar de publicación, distribución, etc. Granada :
Nombre del editor, distribuidor, etc. Universidad de Granada ;
Lugar de publicación, distribución, etc. Sevilla :
Nombre del editor, distribuidor, etc. Universidad de Sevilla,
Fecha de publicación, distribución, etc. 2022.
490 1# - MENCIÓN DE SERIE
Mención de serie Historia
504 ## - NOTA DE BIBLIOGRAFÍA, ETC.
Nota de bibliografía, etc. Referencias bibliográficas.
505 8# - NOTA DE CONTENIDO CON FORMATO
Nota de contenido con formato Contiene: España y Europa en 1921 / Demetrio Castro . El magnicidio: Eduardo Dato, epígono del canovismo / Roberto Villa García . La fundación del Partido Comunista / Antonio Robles Egea . El desastre del año: Annual / Demetrio Castro . "La tía Tula", nivola de la virgen madre / Concha D'Olhaberriage . "España invertebrada": el pasado presente / Demetrio Castro . Francisco Pradilla, el fin de una época / María Isabel Cabrera García . Emilia Pardo Bazán, escritora ecléctica entre el XIX y el XX / María Aboal López
600 14 - PUNTO DE ACCESO ADICIONAL DE MATERIA--NOMBRE DE PERSONA
Nombre de persona Dato, Eduardo,
Fechas asociadas al nombre 1856-1921
9 (RLIN) 42789
600 14 - PUNTO DE ACCESO ADICIONAL DE MATERIA--NOMBRE DE PERSONA
Nombre de persona Unamuno, Miguel de,
Fechas asociadas al nombre 1864-1936.
Título de la obra La tía Tula
9 (RLIN) 172374
600 14 - PUNTO DE ACCESO ADICIONAL DE MATERIA--NOMBRE DE PERSONA
Nombre de persona Ortega y Gasset, José,
Fechas asociadas al nombre 1883-1955.
Título de la obra España invertebrada
9 (RLIN) 174815
600 14 - PUNTO DE ACCESO ADICIONAL DE MATERIA--NOMBRE DE PERSONA
Nombre de persona Pradilla y Ortiz, Francisco,
Fechas asociadas al nombre 1848-1921
9 (RLIN) 174006
600 14 - PUNTO DE ACCESO ADICIONAL DE MATERIA--NOMBRE DE PERSONA
Nombre de persona Pardo Bazán, Emilia,
Títulos y otros términos asociados al nombre Condesa de,
Fechas asociadas al nombre 1851-1921-
Subdivisión general Crítica e interpretación
9 (RLIN) 88986
610 24 - PUNTO DE ACCESO ADICIONAL DE MATERIA--NOMBRE DE ENTIDAD CORPORATIVA
Nombre de entidad corporativa o nombre de jurisdicción como elemento de entrada Partido Comunista de España.
9 (RLIN) 6135
650 #7 - PUNTO DE ACCESO ADICIONAL DE MATERIA--TÉRMINO DE MATERIA
Término de materia o nombre geográfico como elemento de entrada Desastre de Annual, 1921
Fuente del encabezamiento o término embne
9 (RLIN) 176053
651 #4 - PUNTO DE ACCESO ADICIONAL DE MATERIA--NOMBRE GEOGRÁFICO
Nombre geográfico España-
Subdivisión general Historia-
Subdivisión cronológica 1902-1931, Alfonso XIII
9 (RLIN) 8276
700 1# - ENTRADA AGREGADA--NOMBRE PERSONAL
Nombre de persona Castro Alfín, Demetrio,
Fechas asociadas al nombre 1951
9 (RLIN) 36902
710 2# - ENTRADA AGREGADA--NOMBRE DE ENTIDAD CORPORATIVA
Nombre de entidad corporativa o nombre de jurisdicción como elemento de entrada Universidad de Granada.
9 (RLIN) 7176
710 2# - ENTRADA AGREGADA--NOMBRE DE ENTIDAD CORPORATIVA
Nombre de entidad corporativa o nombre de jurisdicción como elemento de entrada Universidad de Sevilla.
9 (RLIN) 7301
830 1# - PUNTO DE ACCESO ADICIONAL DE SERIE-TÍTULO UNIFORME
Título uniforme Historia
9 (RLIN) 177536
852 4# - LOCALIZACIÓN
Ubicación ES-MaACL
Número de control de estantería A-15009
itemnumber 197970
Sublocalización o colección R.153339
Ubicación en estantería Depósito 1
Signatura antigua Olim: N-8009
Donativo/Legado Donación: Editorial
942 ## - ELEMENTOS DE ENTRADA SECUNDARIOS (KOHA)
Fuente del sistema de clasificación o colocación Clasificación decimal universal
Holdings
Estatus retirado Estado de pérdida Fuente del sistema de clasificación o colocación Estado de daño No para préstamo Biblioteca de origen Biblioteca actual Ubicación en estantería Fecha de adquisición Fuente de adquisición Total de préstamos Signatura topográfica completa Código de barras Visto por última vez Precio de reemplazo Tipo de ítem Koha
    Clasificación decimal universal     Biblioteca del Ateneo de Madrid Biblioteca del Ateneo de Madrid Depósito 1 07/07/2022 Donación   A-15009 1203057 23/02/2023 23/02/2023 Libro impreso